000 00865cam a2200265 a 4500
001 000008250
005 20200929161323.0
008 941125s1988 cu a b 001 e spa d
035 _a(DLC) 91191421
035 _a(CStRLIN)NJPG92-B50352
040 _aDO-SdBNP
_cNjP
_dBNPHU
082 _aCu864.44
_bC267e
100 1 _aCardi, Juan Ángel.
_922371
245 1 0 _aEso que llaman "civilización" :
_bensayo de ensayo historihumorístico /
_cJuan Ángel Cardi ; Miriám Martínez.
260 _aLa Habana, (Cuba) :
_bLetras Cubanas,
_c1988.
300 _a434, [435] p. :
_bil. ;
_c19 cm.
490 1 _aSaeta
504 _aBibliogrAfías: p. 429-[435].
650 4 _aEnsayos cubanos
_95691
650 4 _aLiteratura cubana
_91483
700 1 _aMartínez, Miriám ;
_eed.
_922372
830 0 _aSaeta
_922373
910 _aCatalogación por copia / LC
049 _aBNGR
999 _c8021
_d8021